000 00402nam a2200169Ia 4500
008 230524s9999 xx 000 0 und d
020 _a8188458961
082 _bBAR
100 _aR.N.Baral
_942116
245 0 _aTelemetry and Data Transmission
250 _a2
260 _aNew Delhi
_bKatson
_c2009
300 _a"XIII,247p:"
500 _aQuantity Number: 1
650 _aComp-Sc
942 _cBK
999 _c56518
_d56518